[Event "POL-chT 2nd League-4 2020"]
[Site "Poronin"]
[Date "2020.09.09"]
[Round "5.11"]
[White "Boruta, Dawid"]
[Black "Glatty, Zbigniew"]
[Result "1-0"]
[WhiteElo "1822"]
[BlackElo "1857"]
[Annotator "NA RC"]
[PlyCount "95"]
[EventDate "2020.09.05"]
[EventType "team-tourn"]
[EventCountry "POL"]
[SourceTitle "playchess.com"]
[Source "ChessBase"]
[SourceQuality "1"]
[TimeControl "40/5400+30:900+30"]

1. f4 {[%emt 0:00:00]} d5 {[%emt 0:00:00]} 2. Nf3 {[%emt 0:00:00]} g6 {[%emt 0:00:00]} 3. g3 {[%emt 0:00:00]} Bg7 {[%emt 0:00:00]} 4. Bg2 {[%emt 0:00:00]} b6 {[%emt 0:02:00]} 5. O-O {[%emt 0:02:10]} Bb7 {[%emt 0:00:08]} 6. c3 {[%emt 0:00:58]} Nh6 {[%emt 0:01:35]} 7. d3 {[%emt 0:07:42]} Nf5 {[%emt 0:04:34]} 8. e4 {[%emt 0:11:45]} dxe4 {[%emt 0:03:11]} 9. Ng5 {[%emt 0:01:18]} Nd6 {[%emt 0:04:27]} 10. Nxe4 {[%emt 0:04:08]} Nxe4 {[%emt 0:04:10]} 11. dxe4 {[%emt 0:00:24]} Qxd1 {[%emt 0:00:14]} 12. Rxd1 {[%emt 0:00:05]} Nd7 {[%emt 0:05:37]} 13. Be3 {[%emt 0:04:57]} O-O-O {[%emt 0:07:35]} 14. Nd2 {[%emt 0:13:08]} Nf6 {[%emt 0:06:18]} 15. Bd4 {[%emt 0:00:59]} Rhg8 {[%emt 0:04:43]} 16. Bxf6 {[%emt 0:09:11]} Bxf6 {[%emt 0:00:12]} 17. e5 {[%emt 0:06:52]} Bg7 {[%emt 0:00:51]} 18. Nf3 {[%emt 0:03:49]} f6 {[%emt 0:14:16]} 19. Bh3+ {[%emt 0:12:01]} Kb8 {[%emt 0:01:57]} 20. Rxd8+ {[%emt 0:00:48]} Rxd8 {[%emt 0:00:18]} 21. Nd4 {[%emt 0:00:02]} Rg8 {[%emt 0:17:55]} 22. Be6 {[%emt 0:03:57]} Rh8 {[%emt 0:01:16]} 23. Re1 {[%emt 0:03:15]} fxe5 {[%emt 0:01:59]} 24. fxe5 {[%emt 0:00:08]} c5 {[%emt 0:00:57]} 25. Nb3 {[%emt 0:03:10]} Rd8 {[%emt 0:02:14]} 26. Kf2 {[%emt 0:02:11]} a5 {[%emt 0:01:19]} 27. Re2 {[%emt 0:03:43]} a4 {[%emt 0:01:33]} 28. Nd2 {[%emt 0:02:11]} Bxe5 {[%emt 0:02:06]} 29. Nc4 {[%emt 0:02:42]} Bc7 {[%emt 0:00:14]} 30. Bg4 {[%emt 0:01:30]} b5 {[%emt 0:05:37]} 31. Nd2 {[%emt 0:01:11]} b4 {[%emt 0:02:42]} 32. c4 {[%emt 0:01:06]} Rd4 {[%emt 0:02:34]} 33. Be6 {[%emt 0:00:37]} a3 {[%emt 0:00:36]} 34. bxa3 {[%emt 0:00:18]} bxa3 {[%emt 0:00:07]} 35. Nb3 {[%emt 0:00:34]} Rd8 {[%emt 0:01:02]} 36. Ke1 {[%emt 0:00:23]} Bd6 {[%emt 0:00:46]} 37. Re3 {[%emt 0:00:24]} Kc7 {[%emt 0:00:57]} 38. Na5 {[%emt 0:00:30]} Bh1 {[%emt 0:00:37]} 39. Ke2 {[%emt 0:00:49]} Ra8 {[%emt 0:00:45]} 40. Nb3 {[%emt 0:00:00]} Rb8 {[%emt 0:00:00]} 41. Kd3 {[%emt 0:05:15]} Rf8 {[%emt 0:03:30]} 42. Ke2 {[%emt 0:02:53]} Bg2 {[%emt 0:02:12]} 43. Nd2 {[%emt 0:00:08]} Ra8 {[%emt 0:00:46]} 44. Kf2 {[%emt 0:01:09]} Bh1 {[%emt 0:00:36]} 45. Nb1 {[%emt 0:00:15]} Rb8 {[%emt 0:01:53]} 46. Nxa3 {[%emt 0:00:22]} Rb2+ {[%emt 0:00:20]} 47. Re2 {[%emt 0:00:08]} Rxe2+ {[%emt 0:00:09]} 48. Kxe2 {[%emt 0:00:02]} 1-0

[Event "POL-chT 2nd League-4 2020"]
[Site "Poronin"]
[Date "2020.09.09"]
[Round "5.12"]
[White "Kostecka, Marika"]
[Black "Swiech, Joanna"]
[Result "1/2-1/2"]
[WhiteElo "1917"]
[BlackElo "1910"]
[Annotator "TA"]
[PlyCount "82"]
[EventDate "2020.09.05"]
[EventType "team-tourn"]
[EventCountry "POL"]
[SourceTitle "playchess.com"]
[Source "ChessBase"]
[SourceQuality "1"]

{[%evp 26,82,64,32,47,45,91,47,54,58,92,14,71,71,68,69,101,102,82,70,73,27,102,58,58,14,88,76,97,87,97,89,104,86,89,26,81,55,58,10,16,18,26,0,0,0,0,0,0,-8,-8,-8,-9,-21,-9,-21,0,-9,0]} 1. e4 e5 2. Nf3 Nc6 3. Bb5 a6 4. Ba4 Nf6 5. O-O b5 6. Bb3 Be7 7. Re1 d6 8. c3 O-O 9. h3 Na5 10. Bc2 c5 11. d4 Qc7 12. Nbd2 Re8 13. Nf1 h6 14. Ng3 Bf8 {C97: Closed Ruy Lopez: Chigorin Defence: 11 d4 Qc7, sidelines.} 15. d5 c4 16. Nh4 Nb7 {White is slightly better.} 17. Nhf5 {[#]} Bd7 $146 ({Predecessor:} 17... Kh7 18. Qf3 Ng8 19. a4 Na5 20. Be3 g6 21. axb5 Nb3 22. Bxb3 gxf5 23. Bc2 f4 {1-0 (38) Herrera,M (2090)-Santos Morales,N (2023) Puerto Boyaca 2012}) 18. f4 ({White should play} 18. Qf3 $16) 18... Nc5 (18... Bxf5 $11 19. Nxf5 Nd7) 19. fxe5 $16 dxe5 20. Qf3 {Threatens to win with Nxh6+!} Bxf5 21. Nxf5 Nh7 22. Qg4 Kh8 $1 23. Re3 Nd7 (23... g6 $11 {keeps the balance.}) 24. Rg3 {[%cal Rf5g7]} Ndf6 {[%cal Bd7f6,Bf6e8,Be8d6][%mdl 32]} 25. Qe2 Red8 (25... g6 $11 26. Nh4 Ng5) 26. Bd2 Ne8 27. Rf1 a5 28. Rgf3 Rd7 29. g4 Nd6 30. Ng3 ({White should try} 30. Nxd6 $16 Bxd6 31. h4) 30... Qd8 (30... Be7 $11 {remains equal.}) 31. Kg2 a4 32. Rh1 Be7 33. Nf5 Nxf5 34. Rxf5 (34. gxf5 {is more complex.} Nf6 35. Rg3 Bc5 36. Kh2 Rb7 37. Rf1) 34... Bf6 {The position is equal.} 35. Be1 g6 36. Rf3 Bh4 $1 37. Bg3 Bxg3 38. Kxg3 Ra6 39. Rhf1 Kg7 40. Qe3 Qb6 41. Qe2 Qd8 {Accuracy: White = 62%, Black = 76%.} 1/2-1/2

[Event "POL-chT 2nd League-4 2020"]
[Site "Poronin"]
[Date "2020.09.09"]
[Round "5.13"]
[White "Bilczewski, Kacper"]
[Black "Kosiorek, Marek"]
[Result "1/2-1/2"]
[WhiteElo "2101"]
[BlackElo "2223"]
[Annotator "TA"]
[PlyCount "82"]
[EventDate "2020.09.05"]
[EventType "team-tourn"]
[EventCountry "POL"]
[SourceTitle "playchess.com"]
[Source "ChessBase"]
[SourceQuality "1"]

{[%evp 11,82,31,31,0,0,0,0,0,0,-14,-10,-11,0,-19,0,-8,-9,-22,-15,-35,-34,-51,-50,-53,-12,-19,-22,-22,-11,-14,0,-40,0,-28,-26,-20,-8,-11,0,0,0,0,0,0,0,0,0,-31,0,0,0,-77,-71,-71,0,0,0,0,0,0,0,0,0,0,0,0,0,0,0,0,0,0,0]} 1. e4 c6 2. d4 d5 3. Nc3 dxe4 4. Nxe4 Nf6 5. Nxf6+ exf6 6. Nf3 Bd6 7. h3 {B15: Caro-Kann: 3 Nc3: 3...g6 and 3...dxe4 4 Nxe4 Nf6 5 Nxf6+ exf6.} O-O 8. Be2 Re8 9. O-O Nd7 10. c3 Nf8 11. Bd3 Bc7 {[#]} 12. b3 $146 ({Predecessor:} 12. Qc2 Qd5 13. Nh4 Ng6 14. Nxg6 hxg6 15. Bd2 c5 16. Rae1 Be6 17. Be3 cxd4 18. Bxd4 Qxa2 {½-½ (56) Abdullayev,A (2074)-Kukov,V (2351) Manisa 2019}) 12... Qd6 13. a4 Be6 14. Ba3 Qd7 15. Bc2 Rad8 16. Qd3 g6 $1 17. Rfe1 Bf5 18. Qd1 $1 Rxe1+ 19. Nxe1 Bxc2 20. Qxc2 Ne6 21. Nd3 Bb8 22. Re1 (22. Nc5 $5 {[%cal Rc5d7]} Qd6 23. g3 Nxc5 24. Re1 $15 (24. Bxc5 Qe6 $15)) 22... Qc7 {[#] Strongly threatening ...Qh2+.} 23. g3 Qd7 24. h4 f5 25. Nc5 Nxc5 26. Bxc5 Re8 27. Qd2 Rxe1+ 28. Qxe1 f4 29. Kh2 fxg3+ 30. fxg3 f5 31. Qe7 (31. Qe3 $11 {remains equal.}) 31... Qxe7 $17 32. Bxe7 {[%mdl 4096] Endgame [#] KB-KB} Kf7 (32... f4 $1 $17) 33. Bg5 $1 $11 {The position is equal.} Ke6 34. c4 Bd6 35. Kg2 a6 36. Kf3 Bb4 37. Ke3 Be1 38. Bf4 Bb4 39. Kd3 Be1 40. Ke2 Bb4 41. Kd3 Be1 {Accuracy: White = 79%, Black = 87%.} 1/2-1/2

[Event "POL-chT 2nd League-4 2020"]
[Site "Poronin"]
[Date "2020.09.09"]
[Round "5.14"]
[White "Lukasik, Adam"]
[Black "Samborski, Henryk"]
[Result "0-1"]
[WhiteElo "2010"]
[BlackElo "2069"]
[Annotator "TA"]
[PlyCount "116"]
[EventDate "2020.09.05"]
[EventType "team-tourn"]
[EventCountry "POL"]
[SourceTitle "playchess.com"]
[Source "ChessBase"]
[SourceQuality "1"]

{[%evp 18,116,18,2,18,0,14,0,17,10,14,0,20,0,11,19,5,11,22,0,4,-10,-5,-37,-3,-33,-41,-84,-69,-70,-26,-11,-10,-34,-25,-20,-47,-186,-181,-185,29,28,23,14,22,0,0,0,127,6,125,0,0,0,-7,-108,-119,-106,-93,-172,-168,-162,-150,-505,-504,-483,-511,-506,-489,-502,-495,-513,-504,-492,-484,-890,-862,-804,-780,-843,-892,-816,-697,-764,-798,-962,-1125,-1115,-1098,-1095,-1088,-977,-946,-1020,-1015,-863,-841,-1301,-1226,-960,-918]} 1. d4 c5 2. e4 cxd4 3. Nf3 d6 4. Nxd4 Nf6 5. Nc3 a6 6. a4 e5 7. Nb3 Be7 8. Be2 O-O 9. O-O Be6 10. Bg5 Nbd7 {B92: Sicilian Najdorf: 6 Be2.} 11. a5 Rc8 12. Bf3 Qc7 {The position is equal.} 13. Re1 Rfe8 14. h3 {[#]} Qb8 $146 ({Predecessor:} 14... h6 15. Be3 Qc6 16. Qd2 Kh7 17. g4 Nf8 18. Kh2 Ng6 19. Rg1 Nh4 20. Bh1 g5 {0-1 (51) Lopez Alfonso,A-Ribeiro,F (2167) Barreiro 2001}) 15. Re2 b5 16. axb6 $1 Nxb6 17. Re1 Nc4 18. Qb1 Qb6 19. Qa2 h6 20. Bc1 (20. Bxf6 $5 Bxf6 21. Bg4 $11) 20... Ra8 (20... a5 $5) 21. Qa4 Rec8 22. Rd1 Bd8 23. Be2 Bd7 24. Qa2 Bb5 25. Bf3 Qb7 26. Nd2 $1 Bb6 27. Nd5 ({White should play} 27. Qb1 $15) 27... Nxd5 $19 28. exd5 Bxf2+ $2 (28... Qa7 $19 29. Kh1 Nxd2 30. Bxd2 Rxc2) 29. Kxf2 $11 Qb6+ 30. Kg3 {Black must now prevent Nxc4.} Ne3 31. c4 Nxd1 32. Bxd1 Bd7 {[#]} (32... Qd4 $11 33. Bf3 Bxc4 34. Nxc4 Rxc4) 33. Qb3 ({Stronger than} 33. Nf3 e4 $17) (33. Kh2 $1 $16) 33... Qd4 (33... Qg1 $1 $11 {keeps the balance.} 34. Nf3 Qf1) 34. Nf3 ({White should try} 34. Kh2 $16) 34... Qxc4 $40 {[%mdl 128] Black is up to no good.} 35. Qxc4 Rxc4 36. Be2 (36. Bd2 $11) 36... Ra4 $17 {Black converts the advantage convincingly.} 37. Rxa4 Bxa4 38. Bc4 (38. Kf2 $17 {is a better defense.}) 38... Rc8 $19 39. Nd2 Kf8 40. b3 $2 {[#]} (40. Kf3 $17 {is a better chance.}) 40... Bxb3 $1 {[%mdl 576] Remove Defender, Deflection. Black is clearly winning.} 41. Nxb3 {Threatens to win with Na5.} (41. Bxb3 Rxc1) 41... Rxc4 42. Bd2 f5 43. Kf3 g5 44. Ke3 f4+ 45. Kd3 Ra4 46. Bc3 (46. Kc2 $142) 46... e4+ 47. Kc2 Ra2+ 48. Bb2 f3 49. gxf3 exf3 50. Nd2 f2 51. Kb3 Ra5 52. Kc4 Rc5+ 53. Kd3 Rxd5+ 54. Bd4 Kf7 55. Ke4 Ke6 56. Nf1 Rf5 57. Be3 a5 58. Kd3 Rf3 {Accuracy: White = 55%, Black = 81%.} 0-1

[Event "POL-chT 2nd League-4 2020"]
[Site "Poronin"]
[Date "2020.09.09"]
[Round "5.15"]
[White "Lamza, Zenon"]
[Black "Kurpiewski, Slawomir"]
[Result "1-0"]
[WhiteElo "2220"]
[BlackElo "1943"]
[Annotator "TA"]
[PlyCount "109"]
[EventDate "2020.09.05"]
[EventType "team-tourn"]
[EventCountry "POL"]
[SourceTitle "playchess.com"]
[Source "ChessBase"]
[SourceQuality "1"]

{[%evp 9,109,45,42,0,0,0,18,-12,103,29,68,63,56,56,65,64,56,62,62,49,43,57,91,89,47,66,94,111,319,310,454,456,473,420,447,448,477,414,304,397,393,377,358,298,265,295,310,316,256,259,290,288,404,396,780,767,1002,977,797,787,2304,2336,1975,1648,1537,772,4584,4350,2442,2303,2140,1891,2899,1819,4133,3336,2242,2068,1612,1556,968,803,757,687,1933,1553,1470,1120,29954,29949,8442,7270,29970,29971,29971,29972,29971,29964,29984,29985,29985,29986]} 1. d4 f5 2. c4 Nf6 3. Nc3 g6 4. h4 d6 5. h5 Nxh5 6. Rxh5 {A85: Dutch Defence: 2 c4 Nf6 3 Nc3.} gxh5 7. e4 Be6 {has lost popularity (7...Bg7).} 8. Nh3 {[#] The position is equal.} Qd7 $146 {[#]} (8... fxe4 $1 $11 {keeps the balance.} 9. Qxh5+ Bf7 10. Qb5+ Nd7) ({Predecessor:} 8... Bf7 9. exf5 h6 10. Nf4 Qd7 11. Be2 Qxf5 12. Qb3 Qc8 13. Bxh5 Bxh5 14. Qb5+ c6 15. Qxh5+ {1-0 (56) Srdanovic,J (1988)-Van den Brink,N (1811) chess.com INT 2020}) 9. Ng5 (9. d5 $1 $16 {[%cal Rd5e6]} Bf7 10. Ng5) 9... Bg7 10. Qxh5+ Kd8 11. exf5 Bxf5 12. Nf7+ {[%mdl 64] Double Attack} Kc8 {Hoping for ...Bg6.} 13. Nxh8 Bxh8 14. Be3 Nc6 15. O-O-O a6 16. Bd3 Bxd3 17. Rxd3 e5 {[%cal Re5d4] [#]} 18. d5 $1 $36 {[%cal Rd5c6][%mdl 2048] Keeping Black busy.} Na5 $2 {This costs Black the game.} (18... Nd4 $16 {might work better.}) 19. b3 $18 b5 (19... b6 $142 20. Bd2 Kb7) 20. c5 dxc5 21. Bxc5 {And now Rf3 would win.} Nb7 22. Ne4 Kb8 23. Kb1 Nxc5 24. Nxc5 Qe7 25. Ne4 Ka7 26. d6 cxd6 27. Rxd6 Rd8 28. Rxd8 Qxd8 29. Qxh7+ Kb8 30. Kc2 b4 (30... Bf6 {was called for.} 31. Qg6 Qc8+ 32. Kd3 Bd8) 31. Qg6 a5 $2 (31... Ka7 32. g4 Qc8+ 33. Kd3 Qd7+ 34. Nd6 Kb8) 32. Qd6+ Qxd6 33. Nxd6 {[%mdl 4096] Endgame KB-KN} Kc7 34. Nf7 Bf6 35. Kd3 Kd7 36. Ke4 Ke6 37. Nh6 Bd8 38. Ng4 Bc7 39. f3 Bd6 40. Ne3 Bc7 41. Nc4 Kf6 42. g3 Ke6 43. g4 Kf6 44. Kd5 Kg5 45. Nxe5 Kf4 46. Nf7 {Kc6 is the strong threat.} Bb6 47. g5 Kf5 {[#]} 48. f4 $1 Be3 (48... Kxf4 49. g6) 49. Nd6+ Kg6 50. Ke4 Bd2 51. Nc4 {White mates.} Bc3 52. Nxa5 Bb2 53. Nc4 Bc3 54. Ne5+ Kh5 55. Kf5 {Accuracy: White = 90%, Black = 42%.} 1-0

[Event "POL-chT 2nd League-4 2020"]
[Site "Poronin"]
[Date "2020.09.09"]
[Round "5.16"]
[White "Sikorski, Tomasz"]
[Black "Radecki, Adam"]
[Result "0-1"]
[WhiteElo "1702"]
[BlackElo "2002"]
[Annotator "TA"]
[PlyCount "76"]
[EventDate "2020.09.05"]
[EventType "team-tourn"]
[EventCountry "POL"]
[SourceTitle "playchess.com"]
[Source "ChessBase"]
[SourceQuality "1"]

{[%evp 10,76,8,-14,31,34,29,27,72,62,73,24,43,21,60,43,48,53,115,62,64,28,31,22,33,30,79,7,73,68,79,43,57,37,47,41,61,0,0,0,0,-2,0,0,0,-28,-28,-43,50,-56,-60,-57,-35,-72,-79,-80,-81,-81,-88,-89,-78,-678,-666,-775,-779,-5306,-5266,-4966,-2037]} 1. d4 Nf6 2. Bf4 g6 3. e3 Bg7 4. Nf3 O-O 5. Nbd2 d5 6. Be2 Bf5 {D02: 1 d4 d5 2 Nf3 sidelines, including 2...Nf6 3 g3 and 2...Nf6 3 Bf4.} 7. O-O Nbd7 8. h3 Rc8 {White has an edge.} 9. c3 c5 {[#]} 10. Qa4 $146 ({Predecessor:} 10. g4 Be4 11. Ng5 cxd4 12. exd4 h6 13. Ngxe4 Nxe4 14. Nxe4 dxe4 15. Qb3 Qb6 16. Qxb6 Nxb6 {1-0 (71) Jevtic,S (2289)-Shornikov,I (2410) Kharkov 2010}) 10... a6 11. Rfc1 c4 12. g4 Be6 13. Ng5 Qb6 (13... Nb6 $14 14. Nxe6 Nxa4 15. Nxd8 Rfxd8) 14. Nxe6 (14. b3 $16) 14... Qxe6 $14 15. Bf1 b5 16. Qc2 h5 17. g5 Nh7 18. e4 (18. a4 $16) 18... Nb6 (18... dxe4 $11 19. Nxe4 (19. Qxe4 Qxe4 20. Nxe4 e5 $11) 19... Qf5) 19. Re1 $16 Qd7 20. Bg2 Rfd8 21. Nf3 a5 22. h4 b4 23. Ne5 (23. Rac1 $14) 23... Bxe5 $1 $11 24. Bxe5 Qg4 25. Bg3 {exd5 is the strong threat.} Nxg5 $1 26. hxg5 {Hoping for exd5.} h4 27. Be5 {Black must now prevent Qe2.} h3 {[%csl Gh3][%cal Rg4g2][%mdl 64] [#] Pin} 28. f4 Nd7 (28... Qxg2+ $15 29. Qxg2 hxg2 30. Kxg2 Rc6) 29. Qe2 ({Better is} 29. exd5 $14 Nb6 30. Re3 hxg2 31. Qf2) 29... Qxg2+ $15 30. Qxg2 hxg2 31. exd5 Nb6 32. d6 exd6 33. Bf6 Re8 34. Be7 Rc6 35. Re4 $2 {[%mdl 8192] [#] Loses the game.} (35. Bf6 $17 Re6 36. Kxg2) 35... Nd5 $19 {Black is clearly winning.} 36. Rae1 bxc3 37. Bf6 Rxe4 38. Rxe4 Nxf6 {Accuracy: White = 54%, Black = 68%.} 0-1

[Event "POL-chT 2nd League-4 2020"]
[Site "Poronin"]
[Date "2020.09.09"]
[Round "5.17"]
[White "Panek, Bartosz"]
[Black "Kakowski, Wojciech"]
[Result "1-0"]
[WhiteElo "1979"]
[BlackElo "1409"]
[Annotator "TA"]
[PlyCount "53"]
[EventDate "2020.09.05"]
[EventType "team-tourn"]
[EventCountry "POL"]
[SourceTitle "playchess.com"]
[Source "ChessBase"]
[SourceQuality "1"]

{[%evp 10,53,31,14,84,79,85,-9,63,54,55,57,57,55,208,151,154,153,234,88,204,226,182,201,218,202,201,190,369,312,310,311,300,309,462,439,2612,2400,1308,927,1260,1160,1010,563,1315,1287]} 1. e4 c6 2. d4 d5 3. Nc3 dxe4 4. Nxe4 Bf5 5. Ng3 Bg6 6. N1e2 h6 {B18: Classical Caro-Kann: 4...Bf5 sidelines.} (6... Nf6 $11 {keeps the balance.}) 7. Nf4 $16 Bh7 8. Bd3 (8. Bc4 $16) 8... Bxd3 ({Black should try} 8... Qxd4 $11 9. Be3 Qd8) 9. Qxd3 $14 Nf6 10. O-O e6 11. Re1 $36 {[%mdl 2048] White has the initiative.} Be7 $2 {[#]} (11... Na6 $14) 12. Rxe6 $146 ({Predecessor:} 12. Nxe6 fxe6 13. Qg6+ Kd7 14. Bf4 Na6 15. Re2 Nc7 16. Rae1 Qe8 17. Qd3 Nfd5 18. Be5 {1-0 (29) Esposito,G (1718)-Viotti,A (1583) Milan 2014}) 12... fxe6 13. Nxe6 Qb6 (13... Qc8 $16 14. Qg6+ Kd7 15. Nxg7 Kc7) 14. Nxg7+ (14. Nf5 $18 {and White stays clearly on top.}) 14... Kd8 (14... Kf7 $16 {keeps fighting.}) 15. N3f5 Bf8 {White should prevent ...Bxg7.} 16. Ne6+ Kc8 17. Nxf8 Rxf8 18. Bxh6 Qd8 $2 (18... Qxb2 19. Rd1 Nbd7) 19. Bxf8 Qxf8 20. Re1 Nbd7 21. Qg3 Nd5 (21... Nh5 {was necessary.} 22. Ne7+ Kd8) 22. c4 {White is clearly winning.} ({Resist} 22. Re8+ Qxe8 23. Nd6+ Kd8 $18) 22... b6 (22... Kd8 $142 23. Ng7 Nc7 24. Re8+ {[%mdl 64] Deflection} Nxe8 25. Ne6+ {[%mdl 64] Double Attack} Ke7 26. Nxf8 Nxf8) 23. cxd5 Qxf5 24. Qg8+ ({Weaker is} 24. Re8+ Kb7 $14) 24... Nf8 25. dxc6 {[#] Intending d5 and mate.} Kc7 26. d5 {Qg3+ would kill now.} Qg6 27. Re7+ {Accuracy: White = 65%, Black = 24%.} 1-0

[Event "POL-chT 2nd League-4 2020"]
[Site "Poronin"]
[Date "2020.09.09"]
[Round "5.18"]
[White "Dabrowska, Aleksandra"]
[Black "Stebel, Agata"]
[Result "1/2-1/2"]
[WhiteElo "1566"]
[BlackElo "1871"]
[Annotator "NA RC"]
[PlyCount "94"]
[EventDate "2020.09.05"]
[EventType "team-tourn"]
[EventCountry "POL"]
[SourceTitle "playchess.com"]
[Source "ChessBase"]
[SourceQuality "1"]
[TimeControl "40/5400+30:900+30"]

1. e4 {[%emt 0:00:00]} c5 {[%emt 0:00:00]} 2. Nf3 {[%emt 0:00:00]} Nc6 {[%emt 0:00:00]} 3. d4 {[%emt 0:00:00]} cxd4 {[%emt 0:00:01]} 4. Nxd4 {[%emt 0:00:00]} Nf6 {[%emt 0:00:12]} 5. Nc3 {[%emt 0:00:02]} e5 {[%emt 0:00:09]} 6. Nb3 {[%emt 0:01:28]} Bb4 {[%emt 0:01:29]} 7. Bd3 {[%emt 0:02:21]} d5 {[%emt 0:01:48]} 8. exd5 {[%emt 0:01:10]} Nxd5 {[%emt 0:01:13]} 9. Bd2 {[%emt 0:00:22]} Nxc3 {[%emt 0:01:47]} 10. bxc3 {[%emt 0:00:18]} Be7 {[%emt 0:01:53]} 11. O-O {[%emt 0:00:50]} O-O {[%emt 0:02:16]} 12. Re1 {[%emt 0:01:39]} Be6 {[%emt 0:06:27]} 13. Qh5 {[%emt 0:03:38]} g6 {[%emt 0:19:59]} 14. Qe2 {[%emt 0:02:14]} Qc7 {[%emt 0:06:04]} 15. Bh6 {[%emt 0:05:58]} Rfe8 {[%emt 0:04:22]} 16. Qf3 {[%emt 0:01:57]} f5 {[%emt 0:03:23]} 17. Bb5 {[%emt 0:03:00]} e4 {[%emt 0:06:21]} 18. Qe3 {[%emt 0:06:57]} Bf6 {[%emt 0:03:29]} 19. Bxc6 {[%emt 0:03:14]} Qxc6 {[%emt 0:02:27]} 20. Nd4 {[%emt 0:00:41]} Qc4 {[%emt 0:05:21]} 21. a4 {[%emt 0:05:01]} Bf7 {[%emt 0:03:07]} 22. Reb1 {[%emt 0:04:44]} Re7 {[%emt 0:06:27]} 23. Bg5 {[%emt 0:02:01]} Qa6 {[%emt 0:08:42]} 24. h3 {[%emt 0:07:32]} Rc8 {[%emt 0:04:49]} 25. Nb5 {[%emt 0:03:21]} Bxg5 {[%emt 0:02:43]} 26. Qxg5 {[%emt 0:00:08]} Rd7 {[%emt 0:00:51]} 27. Qe3 {[%emt 0:03:56]} Qa5 {[%emt 0:00:42]} 28. Qxa7 {[%emt 0:08:56]} Qxa7 {[%emt 0:00:14]} 29. Nxa7 Rxc3 {[%emt 0:01:04]} 30. Rb2 {[%emt 0:00:53]} Rd2 {[%emt 0:00:37]} 31. Rab1 {[%emt 0:01:19]} Bd5 {[%emt 0:00:33]} 32. Nb5 {[%emt 0:00:56]} Rcxc2 {[%emt 0:00:42]} 33. Rxc2 {[%emt 0:00:09]} Rxc2 {[%emt 0:00:03]} 34. Rd1 {[%emt 0:00:32]} Rc5 {[%emt 0:01:08]} 35. Nd6 {[%emt 0:02:04]} Ra5 {[%emt 0:01:10]} 36. Nxb7 {[%emt 0:02:06]} Bxb7 {[%emt 0:00:38]} 37. Rd8+ {[%emt 0:00:03]} Kg7 {[%emt 0:00:33]} 38. Rd7+ {[%emt 0:00:05]} Kh6 {[%emt 0:01:02]} 39. Rxb7 {[%emt 0:00:04]} Rxa4 {[%emt 0:00:10]} 40. g3 {[%emt 0:00:00]} Ra1+ {[%emt 0:00:00]} 41. Kg2 {[%emt 0:00:49]} Ra2 {[%emt 0:02:48]} 42. Kf1 {[%emt 0:01:42]} g5 {[%emt 0:02:25]} 43. Re7 {[%emt 0:05:19]} Kg6 {[%emt 0:01:32]} 44. g4 {[%emt 0:01:59]} fxg4 {[%emt 0:01:56]} 45. hxg4 {[%emt 0:00:24]} Ra4 {[%emt 0:03:26]} 46. Ke2 {[%emt 0:01:56]} e3 {[%emt 0:06:51]} 47. f3 {[%emt 0:00:42]} Rf4 {[%emt 0:01:08]} 1/2-1/2

[Event "POL-chT 2nd League-4 2020"]
[Site "Poronin"]
[Date "2020.09.09"]
[Round "5.19"]
[White "Piekarski, Lukasz"]
[Black "Steczek, Marcin"]
[Result "0-1"]
[WhiteElo "1868"]
[BlackElo "2359"]
[Annotator "TA"]
[PlyCount "92"]
[EventDate "2020.09.05"]
[EventType "team-tourn"]
[EventCountry "POL"]
[SourceTitle "playchess.com"]
[Source "ChessBase"]
[SourceQuality "1"]

{[%evp 9,92,5,25,0,24,8,20,13,18,-20,-18,-22,-29,-76,-78,-81,-72,-79,-69,-121,-114,-152,-122,-130,-130,-145,-147,-147,-125,-143,-137,-164,-177,-173,-173,-184,-131,-135,-137,-718,-489,-430,-250,-252,-248,-260,-254,-257,-243,-287,-265,-354,-331,-399,-402,-405,-394,-434,-434,-414,-421,-547,-295,-294,-290,-397,-370,-450,-439,-479,-479,-472,-470,-550,-549,-514,-475,-688,-475,-452,-460,-896,-900,-2135,-960]} 1. e4 Nf6 2. e5 Nd5 3. d4 d6 4. Nf3 Bg4 5. Bc4 e6 6. Be2 {B05: Alekhine's Defence: 4 Nf3 Bg4.} Be7 7. O-O O-O 8. c4 {The position is equal.} Nb6 {[#]} 9. b3 $146 ({Predecessor:} 9. Be3 dxe5 10. Nxe5 Bxe2 11. Qxe2 N8d7 12. Nc3 c6 13. b3 Nf6 {½-½ (13) Vereb,A (2093)-Ponyi,A (2109) Hungary 2006}) 9... dxe5 10. dxe5 Nc6 11. Bb2 Nd7 12. Ne1 Bxe2 13. Qxe2 Ndxe5 14. f4 (14. Nc3 $15) 14... Ng6 $17 15. Nd3 Bf6 $36 {[%mdl 2048] Black is on the roll.} 16. Nc3 Nd4 17. Qd2 Nf5 18. Rf3 h5 19. Re1 Qd7 20. Rh3 Rfd8 21. Qe2 h4 22. Kh1 {[#]} Ng3+ $1 {[%mdl 512]} 23. hxg3 Qxd3 24. Qh5 $2 {[%mdl 8192] This costs White the game.} (24. Nd5 $17 Qxe2 25. Nxf6+ gxf6 26. Rxe2) 24... Qc2 25. f5 Qxf5 ({Don't play} 25... Qxb2 26. fxg6 fxg6 27. Qe2 $19) (25... exf5 $142 26. Nd5 Qxb2 27. Qxf5 Rd6 28. gxh4 Qd2) 26. Qxf5 $19 exf5 27. gxh4 c6 ({Don't do} 27... Bxh4 28. Rf1 $19) 28. Bc1 Nxh4 29. Rf1 Rd7 30. Ne2 Rad8 31. Kh2 Rd1 32. Rxd1 Rxd1 33. Re3 Ng6 34. Re8+ Kh7 35. Kg3 Rd3+ 36. Kf2 Ne5 37. Nf4 Rc3 38. Ne2 Rc2 {Black is clearly winning.} 39. Ke1 Rxa2 40. Be3 b6 41. Ra8 c5 42. Nf4 Ng4 {[#] ( -> ...Bc3+)} 43. Bd2 (43. Nd5 $142 Nxe3 44. Nxe3) 43... Be5 44. Nd5 Nf6 45. Ne7 (45. Bf4 $142 Nxd5 46. Bxe5) 45... Ne4 46. Be3 f4 {Accuracy: White = 40%, Black = 77%.} 0-1